| 000 | 01285nam a22003377a 4500 | ||
|---|---|---|---|
| 003 | CHAP | ||
| 005 | 20220329143551.0 | ||
| 008 | 100607s2007 mx a r 00010 spa d | ||
| 010 | _a98627 | ||
| 011 | _a99599 | ||
| 020 | _a9680203417 | ||
| 035 | _a110285 | ||
| 040 | _cCHAP | ||
| 090 | _aFolleto 17685 | ||
| 100 | 0 | 0 |
_aMendoza Castelán, Guillermo. _974621 |
| 245 | 1 | 3 |
_aEl jardín de la vida y la salud : _bproyecto farmacia viviente 2 (tercera edad) _c/por Gullermo Mendoza Castelán, Roque Lugo Pérez y Adrián González Cruz |
| 260 |
_aChapingo, Méx. : _bUACH. Departamento de Fitotecnia. Programa Universitario de Medicina Tradicional y Terapéutica Naturista, _c2007 |
||
| 300 |
_a32 p. : _bilus. |
||
| 590 |
_aBATCH-UPD _b10 _c20130110 _lUCH01 _h1137 |
||
| 590 |
_aBATCH-UPD _b10 _c20130410 _lUCH01 _h0724 |
||
| 590 |
_aBATCH-UPD _b10 _c20130914 _lUCH01 _h0743 |
||
| 590 |
_aCONVERSION _b10 _c20130109 _lUCH01 _h1354 |
||
| 650 | 1 | 4 |
_aBotánica médica. _914680 |
| 650 | 1 | 4 |
_aMedicina tradicional. _973921 |
| 700 | 1 |
_aGonzález Cruz, Adrián. _948817 |
|
| 700 | 1 |
_aLugo Pérez, Roque. _968947 |
|
| 901 | _aBK | ||
| 942 | _cFOLL | ||
| 949 |
_aFolleto 17685 _bBC _cFOLL _d33724002176850 _eTS2 _fc.2 _i110285 _sb |
||
| 949 |
_aFolleto 17685 _bBC _cUACH _d33724002176819 _eUACH _i110285 _sb |
||
| 999 |
_c98627 _d98627 |
||